000 01010nam a2200253 a 4500
003 DO-SdBNP
005 20240314193807.0
007 ta
008 220926e2007 dr ||||fr|||| 001 0 spa d
040 _aDO-SdBNP
_bspa
_cBNPHU
082 4 _222
_bP965r
240 0 0 _aLey 76-02
_lspa
245 0 0 _aPropuesta de reforma al código procesal penal (Ley 76-02) :
_bavances del sistema procesal penal. /
_cPresentación, Alejandro Moscoso Segarra
260 _aSanto Domingo :
_bCONAEJ,
_c2007
300 _a[40] p. ;
_c23 cm.
590 _aInventariado 2022 / MF
650 4 _952277
_aAdministración de Justicia Penal
_xRepública Dominicana
650 4 _916570
_aDerecho Penal
_xLegislación
_zRepública Dominicana
650 4 _916571
_aProcedimiento Penal
_xLegislación
_zRepública Dominicana
700 1 _aMoscoso Segarra, Alejandro A
_d1964-
_epresent.
_962241
710 1 _aRepública Dominicana.
_bComisionado de Apoyo a la Reforma y Modernización de la Justicia
_917179
910 _aMFeliz
942 _2ddc
_cLBS1
999 _c52468
_d52468